MARC details
| 000 -LEADER |
| fixed length control field |
02666cas a2200757 4500 |
| 001 - CONTROL NUMBER |
| control field |
data |
| 005 - DATE AND TIME OF LATEST TRANSACTION |
| control field |
20260322212117.0 |
| 008 - FIXED-LENGTH DATA ELEMENTS--GENERAL INFORMATION |
| fixed length control field |
data |
| 010 ## - LIBRARY OF CONGRESS CONTROL NUMBER |
| LC control number |
56042452 |
| 016 7# - NATIONAL BIBLIOGRAPHIC AGENCY CONTROL NUMBER |
| Record control number |
18940360R |
| Source |
DNLM |
| 016 7# - NATIONAL BIBLIOGRAPHIC AGENCY CONTROL NUMBER |
| Record control number |
N09820000 |
| Source |
DNLM |
| 016 ## - NATIONAL BIBLIOGRAPHIC AGENCY CONTROL NUMBER |
| Record control number |
(AMICUS)000001677090 |
| 016 7# - NATIONAL BIBLIOGRAPHIC AGENCY CONTROL NUMBER |
| Record control number |
012418069 |
| Source |
Uk |
| 019 ## - |
| -- |
1032834180 |
| 022 ## - INTERNATIONAL STANDARD SERIAL NUMBER |
| International Standard Serial Number |
0028-1271 |
| Source |
57 |
| 023 0# - CLUSTER ISSN |
| Cluster ISSN |
0028-1271 |
| Source |
57 |
| 029 1# - OTHER SYSTEM CONTROL NUMBER (OCLC) |
| OCLC library identifier |
AU@ |
| System control number |
000000892198 |
| 029 1# - OTHER SYSTEM CONTROL NUMBER (OCLC) |
| OCLC library identifier |
NLGGC |
| System control number |
850723515 |
| 029 1# - OTHER SYSTEM CONTROL NUMBER (OCLC) |
| OCLC library identifier |
NLM |
| System control number |
18940360R |
| 029 1# - OTHER SYSTEM CONTROL NUMBER (OCLC) |
| OCLC library identifier |
NLC |
| System control number |
000001677090 |
| 029 1# - OTHER SYSTEM CONTROL NUMBER (OCLC) |
| OCLC library identifier |
UKMGB |
| System control number |
012418069 |
| 030 ## - CODEN DESIGNATION |
| CODEN |
NAPOAO |
| 035 ## - SYSTEM CONTROL NUMBER |
| System control number |
(OCoLC)1759524 |
| 040 ## - CATALOGING SOURCE |
| Original cataloging agency |
DLC |
| Language of cataloging |
eng |
| Transcribing agency |
MUL |
| Modifying agency |
OCLCQ |
| -- |
COO |
| -- |
DLC |
| -- |
RCS |
| -- |
AIP |
| -- |
IUL |
| -- |
OCL |
| -- |
NST |
| -- |
HUL |
| -- |
IUL |
| -- |
DLC |
| -- |
NLM |
| -- |
OCLCQ |
| -- |
NYDWH |
| -- |
OCLCQ |
| -- |
AUD |
| -- |
IUL |
| -- |
OCLCF |
| -- |
AGL |
| -- |
OCLCQ |
| -- |
OCLCO |
| -- |
NLC |
| -- |
UKMGB |
| -- |
OCLCO |
| -- |
OCLCA |
| -- |
IUL |
| -- |
OCLCL |
| -- |
OCLCQ |
| 041 0# - LANGUAGE CODE |
| Language code of text/sound track or separate title |
rus |
| Language code of summary or abstract |
eng |
| Language code of text/sound track or separate title |
rus |
| Language code of table of contents |
eng |
| Language code of text/sound track or separate title |
rus |
| 042 ## - AUTHENTICATION CODE |
| Authentication code |
pcc |
| 050 00 - LIBRARY OF CONGRESS CALL NUMBER |
| Classification number |
AS261 |
| Item number |
.N3 |
| 060 00 - NATIONAL LIBRARY OF MEDICINE CALL NUMBER |
| Classification number |
W1 |
| Item number |
NA9857 |
| 070 0# - NATIONAL AGRICULTURAL LIBRARY CALL NUMBER |
| Classification number |
475 |
| Item number |
N223 |
| 210 0# - ABBREVIATED TITLE |
| Abbreviated title |
Nauka pol. |
| 222 #0 - KEY TITLE |
| Key title |
Nauka polska |
| 245 00 - TITLE STATEMENT |
| Title |
Nauka polska. |
| 260 ## - PUBLICATION, DISTRIBUTION, ETC. |
| Place of publication, distribution, etc. |
Wrocław |
| Name of publisher, distributor, etc. |
Polska Akademia Nauk. |
| 300 ## - PHYSICAL DESCRIPTION |
| Extent |
41 volumes |
| Other physical details |
illustrations, portraits, maps |
| Dimensions |
24 cm |
| 310 ## - CURRENT PUBLICATION FREQUENCY |
| Current publication frequency |
Monthly, |
| Date of current publication frequency |
1982- |
| 321 ## - FORMER PUBLICATION FREQUENCY |
| Former publication frequency |
Quarterly, |
| Dates of former publication frequency |
1953-<58> |
| 321 ## - FORMER PUBLICATION FREQUENCY |
| Former publication frequency |
12 no. a year, |
| Dates of former publication frequency |
<1976-> |
| 336 ## - CONTENT TYPE |
| Content type term |
text |
| Content type code |
txt |
| Source |
rdacontent |
| 337 ## - MEDIA TYPE |
| Media type term |
unmediated |
| Media type code |
n |
| Source |
rdamedia |
| 338 ## - CARRIER TYPE |
| Carrier type term |
volume |
| Carrier type code |
nc |
| Source |
rdacarrier |
| 362 0# - DATES OF PUBLICATION AND/OR SEQUENTIAL DESIGNATION |
| Dates of publication and/or sequential designation |
r. 1-41 (nr. 1-271); 1953-93. |
| 515 ## - NUMBERING PECULIARITIES NOTE |
| Numbering peculiarities note |
Vol. <24, no. 12> also called <138> |
| 515 ## - NUMBERING PECULIARITIES NOTE |
| Numbering peculiarities note |
Vol. 38 repeated in numbering on issues for 1990-1991. |
| 525 ## - SUPPLEMENT NOTE |
| Supplement note |
Includes supplements. |
| 546 ## - LANGUAGE NOTE |
| Language note |
Tables of contents also in English and Russian; summaries in English and Russian. |
| 550 ## - ISSUING BODY NOTE |
| Issuing body note |
Organ of Polska Akademia Nauk. |
| 590 ## - LOCAL NOTE (RLIN) |
| Local note |
SERBIB/SERLOC merged record |
| 650 #0 - SUBJECT ADDED ENTRY--TOPICAL TERM |
| Topical term or geographic name entry element |
Science |
| Form subdivision |
Periodicals. |
| 650 #2 - SUBJECT ADDED ENTRY--TOPICAL TERM |
| Topical term or geographic name entry element |
Science. |
| 650 #7 - SUBJECT ADDED ENTRY--TOPICAL TERM |
| Topical term or geographic name entry element |
Science. |
| Source of heading or term |
fast |
| Authority record control number or standard number |
(OCoLC)fst01108176 |
| 650 #7 - SUBJECT ADDED ENTRY--TOPICAL TERM |
| Topical term or geographic name entry element |
SCIENCE. |
| Source of heading or term |
unbist |
| 650 #7 - SUBJECT ADDED ENTRY--TOPICAL TERM |
| Topical term or geographic name entry element |
SCIENCE AND TECHNOLOGY. |
| Source of heading or term |
unbist |
| 655 #2 - INDEX TERM--GENRE/FORM |
| Genre/form data or focus term |
Periodical. |
| 655 #7 - INDEX TERM--GENRE/FORM |
| Genre/form data or focus term |
Periodicals. |
| Source of term |
fast |
| Authority record control number or standard number |
(OCoLC)fst01411641 |
| 710 2# - ADDED ENTRY--CORPORATE NAME |
| Corporate name or jurisdiction name as entry element |
Polska Akademia Nauk. |
| Real World Object URI |
https://id.oclc.org/worldcat/entity/E39QH7JmqFydK668KmQ9QjYKtg |
| 776 08 - ADDITIONAL PHYSICAL FORM ENTRY |
| Relationship information |
Online version: |
| Title |
Nauka polska |
| Record control number |
(OCoLC)559684600 |
| 780 05 - PRECEDING ENTRY |
| Title |
Sprawozdania z czynności i prac |
| Related parts |
1956 |
| 785 00 - SUCCEEDING ENTRY |
| Title |
Nauka (Wrocław, Poland) |
| International Standard Serial Number |
1231-8515 |
| Record control number |
(OCoLC)31177352 |
| -- |
(OCoLC)31177352 |
| 890 ## - |
| -- |
Nauka polska (Polska Akademia Nauk). Warszawa, 1953- |
| -- |
56-42452 |
| 906 ## - LOCAL DATA ELEMENT F, LDF (RLIN) |
| a |
7 |
| b |
cbc |
| c |
serials |
| d |
3 |
| e |
ncip |
| f |
19 |
| g |
n-oclcserc |
| 920 ## - |
| -- |
Keep 1 |
| 991 ## - |
| -- |
c-GenColl |
| -- |
AS261 |
| -- |
.N3 |
| -- |
SERIALS |
| 991 ## - |
| -- |
c-GenColl |
| -- |
AS261 |
| -- |
.N3 |
| -- |
00053210582 |
| -- |
Copy 1 |
| -- |
1991 |
| -- |
CCF |
| 992 ## - |
| -- |
call x7-5305 |
| -- |
SERLOC |